| 000 | 01258nam a2200241Ia 4500 | ||
|---|---|---|---|
| 999 |
_c53440 _d53440 |
||
| 001 | 20484 | ||
| 003 | GE_BSU | ||
| 005 | 20210102213201.0 | ||
| 008 | 181216s2000||||ge |||||||||||||| || || | ||
| 040 | _cGE_BSU | ||
| 041 | _ageo | ||
| 080 | _a811.353.1-88(075.3) მ-40 | ||
| 100 |
_aმაღლაკელიძე, ნ. _99959 |
||
| 245 |
_aკლასგარეშე საკითხავი ლიტერატურა : _bდამხმ. სახელმძღვ. მე-2 კლასის მოსწავლეებისათვის / _cნ. მაღლაკელიძე, ც. ყურაშვილი ; რედ. თ. კარანაძე. |
||
| 264 |
_aთბილისი : _bლეთა, _c2000. |
||
| 300 |
_a200 გვ. ; _c20 სმ. |
||
| 541 | _h4 ლ. | ||
| 653 | _aდამხმარე სახელმძღვანელო მე-2 კლასის მოსწავლეებისათვის | ||
| 653 | _aკლასგარეშე საკითხავი ლიტერატურა | ||
| 700 |
_aყურაშვილი, ც. _eავტორი _99953 |
||
| 700 |
_aკარანაძე, თ. _eრედაქტორი _99960 |
||
| 942 |
_cBK _2udc |
||